LEADER 00808nam0-22002891i-450- 001 990003494910403321 005 20001010 035 $a000349491 035 $aFED01000349491 035 $a(Aleph)000349491FED01 035 $a000349491 100 $a20000920d1982----km-y0itay50------ba 101 0 $aita 105 $ay-------001yy 200 1 $aLaurea "honoris causa" dell'Unversità di Co imbra al Professor A. Fanfani 210 $a$c$d1982 215 $a142 225 1 $a 700 1$aFanfani,$bAmintore$f<1908-1999>$0121366 801 0$aIT$bUNINA$gRICA$2UNIMARC 901 $aBK 912 $a990003494910403321 952 $aSE MIS.84.13-$fDECSE 959 $aDECSE 996 $aLaurea "honoris causa" dell'Unversità di Co imbra al Professor A. Fanfani$9496575 997 $aUNINA DB $aING01 LEADER 01332nam--2200373---450- 001 990002283690203316 005 20090526093741.0 035 $a000228369 035 $aUSA01000228369 035 $a(ALEPH)000228369USA01 035 $a000228369 100 $a20041217d1981----km-y0itay0103----ba 101 $aita 102 $aIT 105 $a||||||||001yy 200 1 $aConcezioni giuridiche e metodi costruttivi dei giuristi orientali$fDaniela Piattelli 210 $aMilano$cGiuffrè$d1981 215 $a194 p.$d25 cm 225 2 $aPubblicazioni dell'Istituto di diritto romano e dei diritti dell'Oriente mediterraneo, Università di Roma$v58 410 0$12001$aPubblicazioni dell'Istituto di diritto romano e dei diritti dell'Oriente mediterraneo, Università di Roma$v58 454 1$12001 461 1$1001-------$12001 606 0 $aDiritto ebraico$xOrigini$xFonti 676 $a296.1 700 1$aPIATTELLI,$bDaniela$0234703 801 0$aIT$bsalbc$gISBD 912 $a990002283690203316 951 $aXXII.2.D 142 (IG XVIII 3)$b7631 E.C.$cXXII.2.D 142 (IG XVIII)$d00171658 959 $aBK 969 $aGIU 979 $aSIAV2$b10$c20041217$lUSA01$h1614 979 $aRSIAV2$b90$c20090526$lUSA01$h0937 996 $aConcezioni giuridiche e metodi costruttivi dei giuristi orientali$9646082 997 $aUNISA